000 00394pam a2200157a 44500
008 230515b1991 xxu||||| |||| 00| 0 eng d
020 _aNULL
041 _aENG
082 _a610.73
100 _aJoan L. creasia barbar parker
245 _aConceoptual foundation of professional nursing prachice
250 _a0
260 _aNULL
_b"Mosbey, Nd, "
_c1991
300 _a677
650 _aN.D.
999 _c522792
_d522792